El caudal sólido de algunos ríos argentinos /

Detalles Bibliográficos
Autor principal: Heinsheimer, Jorge
Formato: Libro
Publicado: Buenos Aires : Secretaría de Marina, Servicio de Hidrografía Naval, 1963.
Materias:
Etiquetas: Agregar Etiqueta
Sin Etiquetas, Sea el primero en etiquetar este registro!

MARC

LEADER 00000nam a22000004a 4500
001 AR-BbUGT1991
003 AR-BbUGT
005 20210513162801.0
007 ta
008 061101t1963 |||ad |0|||0| d
999 |c 9676  |d 9676 
040 |a AR-BbUGT  |b spa  |c AR-BbUGT 
082 0 4 |a 551.480982 
100 1 |a Heinsheimer, Jorge. 
245 1 3 |a El caudal sólido de algunos ríos argentinos /   |c Jorge Heinsheimer. 
260 |a Buenos Aires :   |b Secretaría de Marina, Servicio de Hidrografía Naval,   |c 1963. 
300 |a 10 p. :   |b il., tablas 
651 7 |a Río Colorado (Argentina : Río)  |9 420 
651 4 |a Río de la Plata (Argentina-Uruguay)  |9 434 
651 4 |a Río Negro (Río Negro, Argentina : Río)  |9 433 
653 |a Erosión continental 
653 |a Sedimentos 
653 |a Hidrología 
653 |a Rebajas de la cuenca 
653 |a Río Mississipi 
942 |c BK  |h 551.480982  |i H365  |m D  |2 ddc  |6 551_480982000000000_H365